| 000 | 00835nam0a22002651 4500 | ||
|---|---|---|---|
| 001 | rc\4180956 | ||
| 005 | 20250611010655.0 | ||
| 021 |
_aRU _b[50-31425] |
||
| 035 | _a(NLR Aleph) 008001172 | ||
| 090 |
_a8640669 _c8640669 |
||
| 100 | _a20130415d1950 |||y0rusy50 ca | ||
| 101 | 0 | _arus | |
| 102 | _aRU | ||
| 105 | _ay z |||a| | ||
| 200 | 1 |
_aПять тетрадок _eПьеса в 1 д. |
|
| 210 |
_aМосква _cИскусство _d1950 _gтип. изд-ва. "Моск. правда" |
||
| 215 |
_a20 с. _d20 |
||
| 225 | 1 | _aОдноактные пьесы | |
| 300 | _aПеред загл. авт.: Исидор Шток | ||
| 700 | 1 |
_aШток _bИ.В. _f1908-1980 _gИсидор Владимирович |
|
| 801 | 0 |
_aRU _bNLR _gpsbo |
|
| 801 | 1 |
_aRU _bELAR _2rusmarc |
|
| 852 |
_aNLR _jЛ30 Г-4/864 |
||
| 942 | _cBOOK | ||
| 980 | _aNB | ||